000 00689njm a2200277 c 4500
003 BLK
005 20240521134807.0
008 180410b bul||n||s|||||||| n|bulo|
010 _aCDD00003738000
040 _aBLK
041 _aBUL
_cENG
139 _aKenny G
_bK 33
245 1 0 _aBreathless [аудио CD]
_cизп. Kenny G.
257 _aBGR
260 _c1992
380 _a7
590 _aS.N: 93084 от КНИГИ
700 1 _aKenny G
_eизп.
_9354530
852 _aЦб CD 2363
_p0
856 4 _qpdf
_u
856 4 _qpdf
_u
942 _cCDD
_n0
_01
944 _aCR
_c15.12.2009
_k30570
_lМоника Янева
944 _aED
_c15.12.2009
999 _c221237
_d221237
999 _d221237